[Event "Wiesbaden op 30th"]
[Site "Wiesbaden"]
[Date "2018.08.24"]
[Round "3"]
[White "Kuenne, Lutz Dieter"]
[Black "Donecker, Stefan"]
[Result "1/2-1/2"]
[WhiteElo "1549"]
[BlackElo "1754"]
[PlyCount "80"]
[EventDate "2018.08.23"]
[EventType "swiss"]
[EventRounds "7"]
[EventCountry "GER"]
[SourceTitle "CBM 186 Extra"]
[Source "ChessBase"]
[SourceDate "2018.08.24"]
[SourceVersion "1"]
[SourceVersionDate "2018.08.24"]
[SourceQuality "1"]

1. d4 Nf6 2. Bf4 d5 3. e3 e6 4. Nf3 Be7 5. Bd3 0-0 6. Nbd2 b6 7. h4 Bb7 8. c3 Ne4 9. Ng5 Nxg5 10. hxg5 g6 11. Qg4 Kg7 12. Qh4 h5 13. gxh6+ Kh7 14. Qg3 c5 15. Nf3 Nd7 16. Kd2 a5 17. Ne5 Nxe5 18. Bxe5 Rg8 19. Bg7 Ba6 20. Bc2 cxd4 21. Bxd4 Bc5 22. Bg7 Rc8 23. Qf4 Qd7 24. Qf6 e5 25. Qh4 d4 26. exd4 exd4 27. Bxd4 Bxd4 28. Qxd4 Qxd4+ 29. cxd4 Rgd8 30. Rac1 Rxd4+ 31. Ke3 Rdd8 32. Be4 Rxc1 33. Rxc1 Kxh6 34. Rc6 Rb8 35. Rc7 f5 36. Bd3 Bxd3 37. Kxd3 Rd8+ 38. Kc2 Re8 39. Kd1 Rd8+ 40. Kc2 Re8 1/2-1/2

[Event "Wiesbaden op 30th"]
[Site "Wiesbaden"]
[Date "2018.08.23"]
[Round "1"]
[White "Kuenne, Lutz Dieter"]
[Black "Schmitt, Carsten1111"]
[Result "0-1"]
[WhiteElo "1549"]
[BlackElo "1992"]
[PlyCount "54"]
[EventDate "2018.08.23"]
[EventType "swiss"]
[EventRounds "7"]
[EventCountry "GER"]
[SourceTitle "CBM 186 Extra"]
[Source "ChessBase"]
[SourceDate "2018.08.24"]
[SourceVersion "1"]
[SourceVersionDate "2018.08.24"]
[SourceQuality "1"]

1. d4 d5 2. Bf4 Nf6 3. e3 c5 4. c3 Nc6 5. Nf3 e6 6. Bd3 Bd6 7. Bg3 0-0 8. Nbd2 b6 9. Ne5 Bb7 10. Ndf3 Ne7 11. Ng5 Qc7 12. Qc2 g6 13. h4 Nh5 14. Bf4 cxd4 15. cxd4 Qxc2 16. Bxc2 Nxf4 17. exf4 f6 18. Nxe6 Bb4+ 19. Kd1 fxe5 20. Nxf8 Rxf8 21. a3 Bd6 22. fxe5 Bb8 23. Ke2 Ba6+ 24. Ke1 Rf4 25. Rd1 Nc6 26. g3 Nxd4 27. gxf4 Nf3# 0-1

[Event "Wiesbaden op 29th"]
[Site "Wiesbaden"]
[Date "2017.08.26"]
[Round "4"]
[White "Herrmann, Gerhard"]
[Black "Kuenne, Lutz Dieter"]
[Result "1/2-1/2"]
[WhiteElo "1293"]
[BlackElo "1635"]
[PlyCount "155"]
[EventDate "2017.08.24"]
[EventType "swiss"]
[EventRounds "7"]
[EventCountry "GER"]
[SourceTitle "CBM 180 Extra"]
[Source "ChessBase"]
[SourceDate "2017.10.06"]
[SourceVersion "1"]
[SourceVersionDate "2017.10.06"]
[SourceQuality "1"]

1. e4 c5 2. Nf3 d6 3. Bb5+ Bd7 4. a4 a6 5. Bc4 Nf6 6. Nc3 Nc6 7. 0-0 g6 8. d3 Bg7 9. Be3 0-0 10. d4 cxd4 11. Nxd4 Rc8 12. Bd3 Ng4 13. Be2 Nxe3 14. fxe3 Ne5 15. Bd3 Nc4 16. Qc1 Ne5 17. Qd2 Bh6 18. Qe2 Bg4 19. Qe1 Nc4 20. Bxc4 Rxc4 21. b3 Rc7 22. Nd5 Rc8 23. c4 Bg7 24. Rb1 Be5 25. Qh4 Bd7 26. Qxe7 Kg7 27. Rf2 Qxe7 28. Nxe7 Rce8 29. Nd5 Bxd4 30. exd4 Rxe4 31. Nf6 Re7 32. Nxd7 Rxd7 33. d5 Re7 34. Rbf1 f5 35. g4 Re5 36. gxf5 gxf5 37. Kg2 Kg6 38. Kg3 Re3+ 39. Rf3 Re4 40. Rf4 Re3+ 41. R4f3 Rxf3+ 42. Rxf3 h5 43. h4 Re8 44. Kf4 Re4+ 45. Kg3 Rg4+ 46. Kh3 f4 47. b4 Kf5 48. c5 Ke4 49. Rb3 dxc5 50. bxc5 Kxd5 51. Rxb7 Kxc5 52. Rh7 Kb4 53. Rxh5 Rg3+ 54. Kh2 Rg6 55. Rf5 Kxa4 56. Rxf4+ Kb3 57. h5 Rh6 58. Rf5 Kb4 59. Kh3 a5 60. Kh4 a4 61. Kg5 Rh8 62. h6 a3 63. Kg6 a2 64. Rf4+ Kb3 65. Rf3+ Kb2 66. Rf2+ Kb1 67. Rf1+ Kb2 68. Rf2+ Kb3 69. Rf3+ Kb4 70. Rf4+ Kb5 71. Rf5+ Kc4 72. Rf4+ Kb5 73. Rf5+ Kb4 74. Rf4+ Kb3 75. Rf3+ Kb2 76. Rf2+ Kb3 77. Rf3+ Kc4 78. Rf4+ 1/2-1/2

[Event "Wiesbaden op 29th"]
[Site "Wiesbaden"]
[Date "2017.08.26"]
[Round "5"]
[White "Kuenne, Lutz Dieter"]
[Black "Boder, Jan"]
[Result "0-1"]
[WhiteElo "1635"]
[BlackElo "1808"]
[PlyCount "86"]
[EventDate "2017.08.24"]
[EventType "swiss"]
[EventRounds "7"]
[EventCountry "GER"]
[SourceTitle "CBM 180 Extra"]
[Source "ChessBase"]
[SourceDate "2017.10.06"]
[SourceVersion "1"]
[SourceVersionDate "2017.10.06"]
[SourceQuality "1"]

1. d4 Nf6 2. Bf4 g6 3. e3 d6 4. c4 Bg7 5. Nc3 Bf5 6. Bd3 Bxd3 7. Qxd3 Nbd7 8. Nf3 c5 9. d5 a6 10. 0-0 0-0 11. h3 Ne8 12. Rfc1 Nc7 13. Rab1 b5 14. b3 b4 15. Ne2 a5 16. e4 a4 17. bxa4 Rxa4 18. Qd2 Qa8 19. Rc2 Rb8 20. Ne1 Qa6 21. Nc1 Nb6 22. Qe2 Ra8 23. e5 Re8 24. Nf3 Ra3 25. Qf1 Na4 26. Rb3 Nc3 27. Rxa3 Qxa3 28. exd6 exd6 29. Bxd6 Qa7 30. Bxc7 Qxc7 31. Rd2 Bh6 32. Rc2 Qd7 33. Nd3 Qa4 34. Rxc3 bxc3 35. Nxc5 Qxa2 36. d6 c2 37. d7 Rd8 38. Kh2 c1Q 39. Ne1 Qaxc4 40. Qxc4 Qxc4 41. Ned3 Rxd7 42. Ne5 Qxc5 43. Nxd7 Qc7+ 0-1

[Event "Wiesbaden op 28th"]
[Site "Wiesbaden"]
[Date "2016.08.25"]
[Round "1"]
[White "Kuenne, Lutz Dieter"]
[Black "Zimmer, Gerald"]
[Result "0-1"]
[WhiteElo "1574"]
[BlackElo "1939"]
[PlyCount "84"]
[EventDate "2016.08.25"]
[EventType "swiss"]
[EventRounds "7"]
[EventCountry "GER"]
[SourceTitle "CBM 174 Extra"]
[Source "ChessBase"]
[SourceDate "2016.10.10"]
[SourceVersion "1"]
[SourceVersionDate "2016.10.10"]
[SourceQuality "1"]

1. e4 e6 2. d4 d5 3. Bd3 c5 4. c3 Nc6 5. Nf3 cxd4 6. Nxd4 Nf6 7. Nxc6 bxc6 8. e5 Nd7 9. Bf4 g5 10. Bg3 Bg7 11. Qe2 Qc7 12. Nd2 Bxe5 13. Nf3 Bxg3 14. hxg3 g4 15. Ng5 Qe5 16. Qxe5 Nxe5 17. Bc2 Ba6 18. 0-0-0 Ke7 19. Rxh7 Rxh7 20. Bxh7 Rh8 21. Bc2 f6 22. f4 Nc4 23. f5 fxg5 24. fxe6 Ne3 25. Re1 Nxc2 26. Kxc2 Rh2 27. Re5 Rxg2+ 28. Kb3 Rxg3 29. Rxg5 Kxe6 30. Rg6+ Kd7 31. Rg7+ Kd6 32. Rxa7 Bc4+ 33. Ka3 d4 34. Kb4 dxc3 35. bxc3 Be2 36. a4 Re3 37. Rg7 Re4+ 38. Ka3 Bd1 39. Rg6+ Kc7 40. a5 Ra4+ 41. Kb2 Rxa5 42. Rxg4 Bxg4 0-1

[Event "Sachsen-Anhalt-ch Seniors 24th"]
[Site "Halberstadt"]
[Date "2016.06.03"]
[Round "6"]
[White "Bocionek, Dieter"]
[Black "Kuenne, Lutz Dieter"]
[Result "1-0"]
[WhiteElo "1956"]
[BlackElo "1545"]
[PlyCount "55"]
[EventDate "2016.05.29"]
[EventType "swiss"]
[EventRounds "7"]
[EventCountry "GER"]
[SourceTitle "EXT 2019"]
[Source "ChessBase"]
[SourceDate "2018.10.10"]
[SourceVersion "1"]
[SourceVersionDate "2018.10.10"]
[SourceQuality "1"]

1. d4 d5 2. Nc3 Nf6 3. Bg5 Nbd7 4. Nf3 h6 5. Bh4 c6 6. e3 e6 7. Bd3 Bd6 8. 0-0 Qc7 9. e4 dxe4 10. Nxe4 Nxe4 11. Bxe4 Nf6 12. Bd3 Bd7 13. c4 c5 14. dxc5 Qxc5 15. a3 Rc8 16. b4 Qc7 17. c5 Bf4 18. Re1 g5 19. Bg3 Bxg3 20. hxg3 Ng4 21. Bc4 Rd8 22. Qd4 e5 23. Nxe5 Nxe5 24. Rxe5+ Kf8 25. Rd5 Rh7 26. Rd1 f5 27. Qf6+ Rf7 28. Qxh6+ 1-0

[Event "Wiesbaden op 27th"]
[Site "Wiesbaden"]
[Date "2015.08.29"]
[Round "4"]
[White "Koellner, Felicitas Ophelia"]
[Black "Kuenne, Lutz Dieter"]
[Result "1-0"]
[WhiteElo "1402"]
[BlackElo "1556"]
[PlyCount "115"]
[EventDate "2015.08.27"]
[EventType "swiss"]
[EventRounds "7"]
[EventCountry "GER"]
[SourceTitle "EXT 2016"]
[Source "ChessBase"]
[SourceDate "2015.10.08"]
[SourceVersion "1"]
[SourceVersionDate "2015.10.08"]
[SourceQuality "1"]

1. d4 d5 2. Nf3 Nf6 3. e3 c6 4. c4 Bf5 5. b3 e6 6. Nc3 Nbd7 7. Be2 Bb4 8. Bb2 0-0 9. 0-0 Rc8 10. Bd3 Bxd3 11. Qxd3 Re8 12. Rac1 Bd6 13. Rfd1 h6 14. cxd5 exd5 15. Qe2 Ne4 16. h3 Nxc3 17. Bxc3 Nf6 18. Bb2 Qa5 19. Bc3 Qc7 20. Qe1 Qb6 21. Rb1 Qc7 22. Bb4 c5 23. dxc5 Bxc5 24. Bxc5 Qxc5 25. Rbc1 Qa3 26. Rxc8 Rxc8 27. Qe2 Rc1 28. Rxc1 Qxc1+ 29. Qe1 Qb2 30. Qd2 Qb1+ 31. Kh2 Qf5 32. Qa5 a6 33. Qd8+ Kh7 34. Qe7 Qd7 35. Qxd7 Nxd7 36. Nd4 g6 37. Kg3 Kg7 38. Kf4 Kf6 39. e4 g5+ 40. Ke3 dxe4 41. Kxe4 h5 42. f4 gxf4 43. Kxf4 Ne5 44. Ke4 Nc6 45. Nxc6 bxc6 46. Kd4 h4 47. Kc5 Kf5 48. Kxc6 Kf4 49. Kb6 Kg3 50. Kxa6 Kxg2 51. b4 Kxh3 52. b5 Kg3 53. b6 h3 54. b7 h2 55. b8Q+ Kg2 56. Qg8+ Kh3 57. Qxf7 h1Q 58. Qh5+ 1-0

[Event "Wiesbaden op 27th"]
[Site "Wiesbaden"]
[Date "2015.08.27"]
[Round "1"]
[White "Cichy, Michael"]
[Black "Kuenne, Lutz Dieter"]
[Result "1-0"]
[WhiteElo "1948"]
[BlackElo "1556"]
[PlyCount "81"]
[EventDate "2015.08.27"]
[EventType "swiss"]
[EventRounds "7"]
[EventCountry "GER"]
[SourceTitle "EXT 2016"]
[Source "ChessBase"]
[SourceDate "2015.10.08"]
[SourceVersion "1"]
[SourceVersionDate "2015.10.08"]
[SourceQuality "1"]

1. d4 d5 2. Nf3 Nf6 3. c4 c6 4. Qc2 e6 5. Bg5 h6 6. Bxf6 Qxf6 7. e3 dxc4 8. Bxc4 Bd6 9. Nc3 Qd8 10. 0-0 Nd7 11. Rfd1 0-0 12. Ne4 Nf6 13. Nxd6 Qxd6 14. e4 Qc7 15. Rac1 a6 16. a3 b5 17. Ba2 Bb7 18. Bb1 g6 19. h4 Qe7 20. Qd2 Kg7 21. Qf4 Nh5 22. Qe3 Nf6 23. Ne5 Rac8 24. g3 Nd7 25. Nxd7 Qxd7 26. e5 Qe7 27. Be4 f5 28. exf6+ Qxf6 29. f4 Rf7 30. Rc3 Rd7 31. Rc5 Rcd8 32. Re5 Rd6 33. Bf3 Bc8 34. h5 c5 35. d5 exd5 36. Rdxd5 Rxd5 37. Bxd5 gxh5 38. Qxc5 Qd6 39. Re7+ Kf8 40. Qd4 Qxd5 41. Qg7# 1-0

[Event "Leipzig VfB op 22nd"]
[Site "Leipzig"]
[Date "2015.03.06"]
[Round "6"]
[White "Kuenne, Lutz Dieter"]
[Black "Herfurth, Thomas"]
[Result "1/2-1/2"]
[WhiteElo "1561"]
[BlackElo "1901"]
[PlyCount "52"]
[EventDate "2015.03.03"]
[EventType "swiss"]
[EventRounds "9"]
[EventCountry "GER"]
[SourceTitle "EXT 2016"]
[Source "ChessBase"]
[SourceDate "2015.10.08"]
[SourceVersion "1"]
[SourceVersionDate "2015.10.08"]
[SourceQuality "1"]

1. e4 e6 2. d4 d5 3. Nd2 Nf6 4. e5 Nfd7 5. Bd3 c5 6. c3 Nc6 7. Ndf3 Qb6 8. Ne2 Be7 9. 0-0 0-0 10. Re1 Ndb8 11. Ng3 Qd8 12. Be3 b6 13. Qc2 g6 14. Qd2 cxd4 15. Nxd4 Nxd4 16. cxd4 a5 17. a3 Ba6 18. Rac1 Qd7 19. Rc3 Rc8 20. Rec1 Rxc3 21. Qxc3 Bxd3 22. Qxd3 Kg7 23. Qd2 h5 24. Bg5 Ra7 25. h4 Rc7 26. Ne2 Rxc1+ 1/2-1/2

[Event "Leipzig VfB op 22nd"]
[Site "Leipzig"]
[Date "2015.03.04"]
[Round "2"]
[White "Kuenne, Lutz Dieter"]
[Black "Schulz, Stefan1111"]
[Result "0-1"]
[WhiteElo "1561"]
[BlackElo "1856"]
[PlyCount "116"]
[EventDate "2015.03.03"]
[EventType "swiss"]
[EventRounds "9"]
[EventCountry "GER"]
[SourceTitle "EXT 2016"]
[Source "ChessBase"]
[SourceDate "2015.10.08"]
[SourceVersion "1"]
[SourceVersionDate "2015.10.08"]
[SourceQuality "1"]

1. e4 c5 2. Nc3 Nc6 3. f4 g6 4. Nf3 Bg7 5. Bb5 Nd4 6. 0-0 Nxb5 7. Nxb5 Nf6 8. Nc3 d6 9. d3 0-0 10. Qe1 e6 11. Kh1 Nd7 12. Ng5 a6 13. Ne2 b5 14. c3 Bb7 15. Ng1 Nb6 16. N1f3 Rc8 17. Nxh7 Kxh7 18. Ng5+ Kg8 19. Qh4 Re8 20. Qh7+ Kf8 21. Qh4 Ke7 22. e5 Kd7 23. exd6 Rc6 24. Qh7 Qf6 25. Ne4 Qf5 26. Qxg7 Nd5 27. Ng5 Qxd3 28. Qxf7+ Re7 29. Kg1 Rxf7 30. Nxf7 Qf5 31. Ne5+ Kxd6 32. Nxc6 Bxc6 33. Bd2 c4 34. Rae1 Nf6 35. h3 Qd5 36. Re2 Ne4 37. Bc1 Ke7 38. Rfe1 Nc5 39. Be3 Nd3 40. Rd1 Kf7 41. Rdd2 Qf5 42. Rd1 Ke7 43. Rf1 Nc5 44. Bd4 Qd5 45. Rfe1 Nd3 46. Rd1 Qf5 47. Rf1 Nxf4 48. Ref2 Qe4 49. Bc5+ Ke8 50. Kh2 e5 51. g3 Nd3 52. Rf8+ Kd7 53. R1f7+ Ke6 54. Rf6+ Kd5 55. Bg1 Qe2+ 56. Kh1 Ne1 57. Rd8+ Ke4 58. Rxc6 Qg2# 0-1

[Event "Wiesbaden op 26th"]
[Site "Wiesbaden"]
[Date "2014.08.31"]
[Round "6"]
[White "Zerhusen, Martin"]
[Black "Kuenne, Lutz Dieter"]
[Result "1-0"]
[WhiteElo "1786"]
[BlackElo "1542"]
[PlyCount "93"]
[EventDate "2014.08.28"]
[EventType "swiss"]
[EventRounds "7"]
[EventCountry "GER"]
[SourceTitle "CBM 162 Extra"]
[Source "ChessBase"]
[SourceDate "2014.10.17"]
[SourceVersion "1"]
[SourceVersionDate "2014.10.17"]
[SourceQuality "1"]

1. d4 d5 2. c4 c6 3. Nc3 Nf6 4. e3 e6 5. Nf3 Nbd7 6. a3 dxc4 7. Bxc4 b5 8. Be2 Bb7 9. Bd2 a6 10. b4 Bd6 11. 0-0 Rc8 12. Qb3 0-0 13. h3 Re8 14. Ng5 h6 15. Nge4 Bc7 16. f4 Nd5 17. g3 Bb6 18. Nd6 N7f6 19. Nxb7 Qc7 20. Nc5 Nxc3 21. Qxc3 Bxc5 22. bxc5 Ne4 23. Qd3 Nxg3 24. Rf2 Nxe2+ 25. Qxe2 g6 26. Rg2 Kh7 27. Qg4 Qd7 28. Qf3 Qd5 29. Qxd5 exd5 30. h4 h5 31. Kf2 f5 32. Ba5 Re7 33. Ke2 Rce8 34. Rg3 Rg8 35. Kd3 Rb7 36. Kc3 Ra8 37. Rb1 Re7 38. Rb4 Rae8 39. Kd3 Ra8 40. a4 Rd7 41. Kc3 Re7 42. axb5 axb5 43. Bb6 Ra3+ 44. Rb3 Ra8 45. Kb2 Kg7 46. Ra3 Kf7 47. Rxa8 1-0

[Event "Rhein Main op-B 17th"]
[Site "Bad Homburg"]
[Date "2014.06.19"]
[Round "3"]
[White "Kirchmann, Michael"]
[Black "Kuenne, Lutz Dieter"]
[Result "1-0"]
[WhiteElo "1813"]
[BlackElo "1545"]
[PlyCount "81"]
[EventDate "2014.06.18"]
[EventType "swiss"]
[EventRounds "9"]
[EventCountry "GER"]
[SourceTitle "CBM 161 Extra"]
[Source "ChessBase"]
[SourceDate "2014.08.29"]
[SourceVersion "1"]
[SourceVersionDate "2014.08.29"]
[SourceQuality "1"]

1. d4 d5 2. c4 c6 3. Nc3 Nf6 4. Nf3 e6 5. cxd5 exd5 6. Bg5 Nbd7 7. a3 h6 8. Bh4 Qc7 9. e3 Bd6 10. Bd3 0-0 11. Rc1 Re8 12. Nb5 Qa5+ 13. b4 Bxb4+ 14. axb4 Qxb4+ 15. Nc3 g5 16. Bg3 Ne4 17. Bxe4 dxe4 18. Nd2 f5 19. Qb3+ Qxb3 20. Nxb3 Nf6 21. h3 b6 22. Kd2 Be6 23. Rb1 Bc4 24. Nc1 Red8 25. Be5 Kf7 26. Bxf6 Kxf6 27. Rb4 b5 28. Rb1 a5 29. g4 b4 30. Na4 Bb5 31. Ra1 f4 32. Nb3 Bxa4 33. Rxa4 Rd5 34. Rc1 Rc8 35. Rxa5 Rxa5 36. Nxa5 Ke7 37. Nxc6+ Kd6 38. Nxb4 Rxc1 39. Kxc1 f3 40. Kb2 Kc7 41. Kc3 1-0

[Event "Rhein Main op-B 17th"]
[Site "Bad Homburg"]
[Date "2014.06.18"]
[Round "1"]
[White "Euler, Stephan"]
[Black "Kuenne, Lutz Dieter"]
[Result "1-0"]
[WhiteElo "1859"]
[BlackElo "1545"]
[PlyCount "37"]
[EventDate "2014.06.18"]
[EventType "swiss"]
[EventRounds "9"]
[EventCountry "GER"]
[SourceTitle "CBM 161 Extra"]
[Source "ChessBase"]
[SourceDate "2014.08.29"]
[SourceVersion "1"]
[SourceVersionDate "2014.08.29"]
[SourceQuality "1"]

1. e4 d5 2. exd5 Qxd5 3. Nc3 Qd6 4. d4 Nf6 5. Nf3 c6 6. g3 Bg4 7. Bg2 Nbd7 8. 0-0 Nb6 9. Bf4 Qd7 10. Qd3 Bf5 11. Qe2 Nfd5 12. Bc1 e6 13. Ne5 Qc7 14. Nxd5 cxd5 15. Qb5+ Nd7 16. c4 Bd6 17. cxd5 Bxe5 18. dxe5 0-0-0 19. Be3 1-0

[Event "Berlin Spring op-B"]
[Site "Berlin"]
[Date "2014.05.02"]
[Round "3"]
[White "Joehn, Janis"]
[Black "Kuenne, Lutz Dieter"]
[Result "1-0"]
[WhiteElo "1547"]
[BlackElo "1354"]
[PlyCount "43"]
[EventDate "2014.05.01"]
[EventType "swiss"]
[EventRounds "7"]
[EventCountry "GER"]
[SourceTitle "CBM 160 Extra"]
[Source "ChessBase"]
[SourceDate "2014.07.01"]
[SourceVersion "1"]
[SourceVersionDate "2014.07.01"]
[SourceQuality "1"]

1. f4 d5 2. Nf3 Nf6 3. e3 e6 4. b3 Bd7 5. Bb2 Nc6 6. Bb5 a6 7. Bxc6 Bxc6 8. Ne5 Bd7 9. g4 Ne4 10. g5 h5 11. d3 Nd6 12. Nd2 Qe7 13. Qf3 0-0-0 14. 0-0 Nf5 15. e4 dxe4 16. Nxe4 Nh4 17. Qf2 Ng6 18. Qa7 c6 19. a4 Be8 20. Nxg6 fxg6 21. Be5 Qb4 22. Qb8+ 1-0

[Event "Leipzig VfB op 21st"]
[Site "Leipzig"]
[Date "2014.03.07"]
[Round "6"]
[White "Halas, Julia"]
[Black "Kuenne, Lutz Dieter"]
[Result "1-0"]
[WhiteElo "1579"]
[BlackElo "1554"]
[PlyCount "87"]
[EventDate "2014.03.04"]
[EventType "tourn"]
[EventRounds "9"]
[EventCountry "GER"]
[SourceTitle "CBM 159 Extra"]
[Source "ChessBase"]
[SourceDate "2014.04.24"]
[SourceVersion "1"]
[SourceVersionDate "2014.04.24"]
[SourceQuality "1"]

1. d4 d5 2. c4 c6 3. Nc3 Nf6 4. Nf3 g6 5. Bf4 Bg7 6. h3 0-0 7. e3 Nbd7 8. Bd3 dxc4 9. Bxc4 Nb6 10. Bd3 Nbd5 11. Nxd5 Nxd5 12. Bh2 Qa5+ 13. Nd2 Re8 14. 0-0 Qd8 15. Nf3 e6 16. Rc1 Ne7 17. Qb3 Qb6 18. Qc2 Nd5 19. a3 Bd7 20. Ne5 Bxe5 21. Bxe5 Qd8 22. Rfd1 f5 23. Qd2 Rf8 24. e4 fxe4 25. Bxe4 Rf7 26. Qd3 Ne7 27. Qb3 Qb6 28. Qc2 Raf8 29. Rf1 Nf5 30. Qd2 Qd8 31. Rc3 Be8 32. Rd3 Rd7 33. Qc3 Ne7 34. Qc1 Nf5 35. Qc4 Qe7 36. Bxf5 Rxf5 37. Rg3 Rd5 38. Qc1 Rd7 39. Qe3 Qf7 40. h4 Qe7 41. Qe4 Rd5 42. Qg4 Rd7 43. h5 Rxh5 44. Qxh5 1-0

[Event "Leipzig VfB op 21st"]
[Site "Leipzig"]
[Date "2014.03.04"]
[Round "1"]
[White "Kuenne, Lutz Dieter"]
[Black "Dobierzin, Olaf"]
[Result "0-1"]
[WhiteElo "1554"]
[BlackElo "1977"]
[PlyCount "40"]
[EventDate "2014.03.04"]
[EventType "tourn"]
[EventRounds "9"]
[EventCountry "GER"]
[SourceTitle "CBM 159 Extra"]
[Source "ChessBase"]
[SourceDate "2014.04.24"]
[SourceVersion "1"]
[SourceVersionDate "2014.04.24"]
[SourceQuality "1"]

1. e4 c5 2. Nf3 d6 3. Bb5+ Bd7 4. Bxd7+ Qxd7 5. Nc3 Nc6 6. 0-0 g6 7. Re1 Bg7 8. Ne2 Nf6 9. Ng3 0-0 10. c3 e6 11. d3 Qc7 12. Bf4 Rfd8 13. Qe2 e5 14. Be3 b6 15. Rac1 d5 16. exd5 Nxd5 17. Bg5 Rd7 18. Ne4 f5 19. Ned2 h6 20. Bh4 Nf4 0-1

[Event "Wiesbaden op 25th"]
[Site "Wiesbaden"]
[Date "2013.08.24"]
[Round "4"]
[White "Kuenne, Lutz Dieter"]
[Black "Koch, Thomas2222"]
[Result "0-1"]
[WhiteElo "1542"]
[BlackElo "1847"]
[PlyCount "94"]
[EventDate "2013.08.22"]
[EventType "swiss"]
[EventRounds "7"]
[EventCountry "GER"]
[SourceTitle "EXT 2014"]
[Source "ChessBase"]
[SourceDate "2013.11.20"]
[SourceVersion "1"]
[SourceVersionDate "2013.11.20"]
[SourceQuality "1"]

1. e4 e6 2. d4 d5 3. Nd2 Nf6 4. e5 Nfd7 5. Bd3 c5 6. c3 Qb6 7. Ndf3 cxd4 8. cxd4 Nc6 9. Ne2 Bb4+ 10. Bd2 Bxd2+ 11. Qxd2 Qb4 12. a3 Qxd2+ 13. Nxd2 f6 14. exf6 Nxf6 15. 0-0 0-0 16. Nf3 Bd7 17. Rfe1 Nh5 18. Rad1 h6 19. Bg6 Be8 20. Bc2 g5 21. Ne5 Nxe5 22. dxe5 Rc8 23. Nc3 Rf4 24. Bb3 Bg6 25. Rd2 a6 26. f3 b5 27. Ne2 Rf7 28. Nd4 Ng7 29. Ne2 Rfc7 30. Nc3 Nf5 31. Ne4 Rc1 32. Nf6+ Kg7 33. Rdd1 Rxd1 34. Rxd1 Ne3 35. Re1 Nc4 36. Rc1 Rc6 37. Ng4 h5 38. Bxc4 hxg4 39. Rc3 Rxc4 40. Rxc4 bxc4 41. fxg4 Kf7 42. Kf2 d4 43. Ke1 Ke7 44. Kd2 Kd7 45. g3 Kc6 46. h4 Kd5 47. h5 Bh7 0-1

[Event "Wiesbaden op 25th"]
[Site "Wiesbaden"]
[Date "2013.08.23"]
[Round "3"]
[White "Jahraus, Marlis"]
[Black "Kuenne, Lutz Dieter"]
[Result "0-1"]
[WhiteElo "799"]
[BlackElo "1542"]
[PlyCount "82"]
[EventDate "2013.08.22"]
[EventType "swiss"]
[EventRounds "7"]
[EventCountry "GER"]
[SourceTitle "EXT 2014"]
[Source "ChessBase"]
[SourceDate "2013.11.20"]
[SourceVersion "1"]
[SourceVersionDate "2013.11.20"]
[SourceQuality "1"]

1. e4 d5 2. exd5 Qxd5 3. Nc3 Qd6 4. Bc4 Be6 5. b3 a6 6. a4 Bxc4 7. bxc4 Qe6+ 8. Qe2 Qxe2+ 9. Ngxe2 e6 10. 0-0 Nf6 11. Bb2 Nbd7 12. d4 c5 13. Rad1 cxd4 14. Nxd4 Rc8 15. Rfe1 g6 16. Nd5 Bg7 17. Nxe6 fxe6 18. Rxe6+ Kf8 19. Nxf6 Kf7 20. Rdd6 Nc5 21. Re3 Rhd8 22. Rf3 Rxd6 23. Ne4+ Kg8 24. Nxd6 Rd8 25. Bxg7 Rxd6 26. Kf1 Kxg7 27. Ke2 Nxa4 28. Rd3 Re6+ 29. Kd2 Nc5 30. Kc3 Nxd3 31. cxd3 Re2 32. c5 Rxf2 33. Kc4 Rf6 34. Kd5 Kf7 35. d4 Ke7 36. Ke5 Rc6 37. g4 a5 38. Kd5 a4 39. Kc4 a3 40. Kb3 Ra6 41. Ka2 Ke6 0-1

[Event "Wiesbaden op 25th"]
[Site "Wiesbaden"]
[Date "2013.08.22"]
[Round "1"]
[White "Klyszcz, Michael"]
[Black "Kuenne, Lutz Dieter"]
[Result "1-0"]
[WhiteElo "1999"]
[BlackElo "1542"]
[PlyCount "37"]
[EventDate "2013.08.22"]
[EventType "swiss"]
[EventRounds "7"]
[EventCountry "GER"]
[SourceTitle "EXT 2014"]
[Source "ChessBase"]
[SourceDate "2013.11.20"]
[SourceVersion "1"]
[SourceVersionDate "2013.11.20"]
[SourceQuality "1"]

1. Nf3 d5 2. c4 c6 3. b3 Nd7 4. cxd5 cxd5 5. Bb2 Ngf6 6. g3 e6 7. Bg2 Bd6 8. 0-0 0-0 9. Nc3 a6 10. d3 b5 11. a3 Bb7 12. Qd2 Rc8 13. Rac1 Qb6 14. b4 h6 15. Rfd1 Rfe8 16. e3 Qa7 17. Nd4 Nb6 18. Bh3 Rc7 19. Ncxb5 1-0

[Event "Rhein Main op-B 16th"]
[Site "Bad Homburg"]
[Date "2013.05.31"]
[Round "4"]
[White "Martin, Lukas"]
[Black "Kuenne, Lutz Dieter"]
[Result "0-1"]
[WhiteElo "969"]
[BlackElo "1556"]
[PlyCount "58"]
[EventDate "2013.05.29"]
[EventType "swiss"]
[EventRounds "7"]
[EventCountry "GER"]
[SourceTitle "EXT 2014"]
[Source "ChessBase"]
[SourceDate "2013.11.20"]
[SourceVersion "1"]
[SourceVersionDate "2013.11.20"]
[SourceQuality "1"]

1. d4 d5 2. c4 c6 3. Nf3 Nf6 4. Nc3 e6 5. Bf4 Nbd7 6. e3 a6 7. Bd3 dxc4 8. Bxc4 b5 9. Bb3 Bb7 10. Qd3 c5 11. Bd1 c4 12. Qd2 Bb4 13. a3 Bxc3 14. Qxc3 Nd5 15. Qd2 Nxf4 16. exf4 0-0 17. Qe3 Nf6 18. 0-0 Rc8 19. b3 Nd5 20. Qe5 cxb3 21. Bxb3 Rc3 22. Rab1 Qf6 23. Qe1 Rfc8 24. Qd2 Nxf4 25. Rfc1 Rxc1+ 26. Rxc1 Rxc1+ 27. Qxc1 Ne2+ 28. Kf1 Nxc1 29. Bc2 Bxf3 0-1

[Event "Rhein Main op-B 16th"]
[Site "Bad Homburg"]
[Date "2013.05.30"]
[Round "3"]
[White "Kuenne, Lutz Dieter"]
[Black "Jordake, Michael"]
[Result "0-1"]
[WhiteElo "1556"]
[BlackElo "1824"]
[PlyCount "86"]
[EventDate "2013.05.29"]
[EventType "swiss"]
[EventRounds "7"]
[EventCountry "GER"]
[SourceTitle "EXT 2014"]
[Source "ChessBase"]
[SourceDate "2013.11.20"]
[SourceVersion "1"]
[SourceVersionDate "2013.11.20"]
[SourceQuality "1"]

1. e4 e5 2. Nf3 Nc6 3. Bb5 Nf6 4. 0-0 d6 5. d3 Bd7 6. c3 Be7 7. h3 0-0 8. Nbd2 Nb8 9. Bxd7 Nbxd7 10. Re1 Nc5 11. Nf1 c6 12. Ng3 Ne8 13. Nf5 Bf6 14. h4 Kh8 15. g3 Ne6 16. Kg2 g6 17. Nh6 Bg7 18. Ng4 Qc8 19. Ng5 h5 20. Nh2 Nxg5 21. Bxg5 f5 22. exf5 Qxf5 23. Qf3 Qe6 24. Qe3 Nc7 25. Qd2 Rf7 26. Rf1 Raf8 27. Rae1 Qxa2 28. Bh6 Qd5+ 29. f3 Kh7 30. Be3 e4 31. dxe4 Qxd2+ 32. Bxd2 b6 33. Bg5 Ne6 34. f4 Nc5 35. e5 dxe5 36. fxe5 Rxf1 37. Nxf1 Nd3 38. Re2 Nxe5 39. Bc1 c5 40. Bf4 Nd3 41. Re7 a5 42. Bc7 Rf2+ 43. Kg1 Rxb2 0-1